| 000 | 00837nam2a2200205 4500 | ||
|---|---|---|---|
| 001 | RU\NLR\PER_A\002289501_000760 | ||
| 005 | 20250624011018.0 | ||
| 035 | _a(NLR Aleph) 012291302 | ||
| 090 |
_a11270244 _c11270244 |
||
| 100 | _a20200710d2020 |||y0rusy50 ca | ||
| 101 | 0 | _arus | |
| 102 | _aRU | ||
| 200 | 0 | _a2020, вып. 2 (54) | |
| 210 |
_d2020 _aБ. м. |
||
| 461 | 0 |
_1001RU\NLR\INFOCOMM34\5000001335 _12001#$aDental iQ$eDental international quarterly$eМеждунар. ежекв. стоматол. журн.$v2020, вып. 2 (54) _94119531 _cМ. _d2004 - _nАлександр Островский и др. _oDental international quarterly : Междунар. ежекв. стоматол. журн. _tDental iQ _x1811-1548 _v2020, вып. 2 (54) |
|
| 852 |
_aNLR _jП17/1088 |
||
| 942 | _cISSUE | ||
| 980 | _aNB | ||
| 980 | _aRUSPER | ||